| 000 | 00678nam a2200205 a 4500 | ||
|---|---|---|---|
| 001 | 65395 | ||
| 003 | BD-RjUL | ||
| 005 | 20211209081424.0 | ||
| 008 | 170305s1956 b ||||| |||| 00| 0 eng d | ||
| 035 | _a(BD-RjUL)65525 | ||
| 040 |
_aBD-RjUL _beng _cBD-RjUL |
||
| 041 | _aeng | ||
| 082 |
_223 _a336.22 _bEAB 1953 |
||
| 110 |
_aEast Pakistan _9193525 |
||
| 245 | 1 | 0 |
_aThe Bengal Agricultural Income-tax Act, 1944 : _b(Bengal Act IV of 1944) ; as modified up to the 31st August, 1967. / _cEast Pakistan |
| 260 |
_aDacca : _bS. & G.A. Dept. in-charge, _c1956. |
||
| 300 |
_aiii, 47 p. ; _c25 cm. |
||
| 650 |
_a Income tax _vLaw and legislation _z India _9176499 |
||
| 942 |
_2ddc _cBK |
||
| 999 |
_c65395 _d65395 |
||